NLSUI OPAC header image

Justice without delay recommendations for legal and institutional reform (Record no. 110937)

MARC details
000 -LEADER
fixed length control field 00399nam a2200121Ia 4500
008 - FIXED-LENGTH DATA ELEMENTS--GENERAL INFORMATION
fixed length control field 180321s9999 xx 000 0 und d
082 ## - DEWEY DECIMAL CLASSIFICATION NUMBER
Classification number 340.11 CEN
245 ## - TITLE STATEMENT
Title Justice without delay recommendations for legal and institutional reform
260 ## - PUBLICATION, DISTRIBUTION, ETC.
Place of publication, distribution, etc. Delhi
Name of publisher, distributor, etc. Centre on Public Law and Jurisprudence
300 ## - PHYSICAL DESCRIPTION
Extent 60
650 ## - SUBJECT ADDED ENTRY--TOPICAL TERM
Topical term or geographic name entry element Legal system - institutional reforms
906 ## - LOCAL DATA ELEMENT F, LDF (RLIN)
a Received on 12.01.2018
Holdings
Withdrawn status Lost status Damaged status Not for loan Collection code Home library Current library Shelving location Date acquired Total Checkouts Barcode Date last seen Price effective from Koha item type
          . .   01.12.2018   REP13226 29.03.2018 29.03.2018 Repository